Modelos parabólicos de propagación de oleaje

Saved in:
Bibliografiske detaljer
Hovedforfatter: Grassa, José María (Author)
Format: Bog
Sprog:spansk
Udgivet: Madrid Centro de Estudios y Experimentación de Obras Públicas 1993
Serier:Cuadernos de Investigación, 33
Fag:
Tags: Tilføj Tag
Ingen Tags, Vær først til at tagge denne postø!

MARC

LEADER 00000nam a2200000 a 4500
001 UCG6645
003 CL-VaPUC
008 110509e19930000SP |||||||||||||||||spa|d
020 |a 8477901449 
082 0 4 |a 551.4702  |b GRA  |2 21 
100 0 |a Grassa, José María  |e author  |9 556961 
245 1 0 |a Modelos parabólicos de propagación de oleaje 
300 |a 66 p 
942 |c BK 
945 |d 20110509 00:00:00  |a jcampos 
260 |a Madrid  |b Centro de Estudios y Experimentación de Obras Públicas  |c 1993 
650 0 |a Olas  |9 261446 
650 7 |a PROPAGACION  |2 CL-VaPUC  |9 393100 
650 7 |a DIQUES  |2 CL-VaPUC  |9 367736 
650 0 |a Arquitectura naval  |9 261969 
650 7 |a ECUACION PARABOLICA  |2 CL-VaPUC  |9 556962 
583 |a last modification  |c 20110509 00:00:00  |k Rodrigo Vera 
490 0 |a Cuadernos de Investigación, 33 
999 |c 344802  |d 344800 
952 |0 0  |1 0  |4 0  |6 551_470200000000000_GRA_1993  |7 0  |8 R  |9 443000  |a BIBARQ  |b BIBARQ  |d 2019-11-22  |i 4774744  |o 551.4702 GRA 1993  |p 4774744  |r 2025-01-20  |w 2019-11-22  |y BK_R  |k ARQ